Słowa Roty - Nagła Śmierć - Statystyki

Ogólne statystyki
  • Ten quiz został rozwiązany 505 razy
  • Średni wynik to 10 z 25
Answers on the Grid
Answers color-coded by a green-red scale on the quiz's grid according to % correct below.
Bóg
Bronić
czoła
Daj
Duch
dzieci
hufiec
imię
Jeszcze
Kościelny
krwi
Krzyżacka
książęcy
ludowy
Maria
mianowany
na
nam
naród
nazwisko
Niemiec
nigdy
od
Ojczyzny
oni
piastowy
Pójdziem
proch
ród
róg
Rosjanin
rzucim
trumnę
twarz
walczy
wielki
wnuk
wróg
wstanie
zawierucha
 
Statystyki odpowiedzi
Odpowiedź % Poprawnych
Bóg
89%
Niemiec
64%
ród
62%
Bronić
58%
rzucim
58%
piastowy
56%
Krzyżacka
52%
zawierucha
52%
nam
51%
dzieci
48%
wróg
46%
naród
44%
Duch
43%
krwi
43%
hufiec
40%
twarz
38%
Pójdziem
34%
róg
30%
proch
27%
czoła
22%
wstanie
18%
Ojczyzny
14%
imię
10%
trumnę
9%
wnuk
9%
Nie znaleziono quizów pasujących do podanych kryteriów
Rozkład punktacji
Procent ludzi z każdym wynikiem
Percentyl według liczby udzielonych odpowiedzi
Twoja historia wyników
Nie rozwiązałeś tego quizu